| 000 | 00465nam a2200181Ia 4500 | ||
|---|---|---|---|
| 008 | 160319s9999 xx 000 0 und d | ||
| 245 | _aKidsongs: | ||
| 245 | _bI can dance! / | ||
| 245 | _cImage Entertainment (Firm). | ||
| 260 | _bMagnavision. | ||
| 260 | _c2003 | ||
| 300 | _a1 sound disc : | ||
| 300 | _bdigital, stereo. ; | ||
| 300 | _c4 3/4 in. | ||
| 440 | _aKidsongs music video stories. | ||
| 650 | _aChildren's films. | ||
| 650 | _aMusic videos. | ||
| 999 |
_c292789 _d292789 |
||